[Event "3e Open de Bastia"]
[Site "Bastia"]
[Date "2023.07.09"]
[Round "9.6"]
[White "Roux, Baptiste"]
[Black "Anwesh, Upadhyaya"]
[Result "1-0"]
[BlackElo "2356"]
[WhiteElo "2288"]
[LiveChessVersion "1.4.6"]

1. e4 {[%clk 0:15:03]} e5 {[%clk 0:15:05]} 2. Nf3 {[%clk 0:15:05]} Nc6
{[%clk 0:15:06]} 3. Bb5 {[%clk 0:15:06]} a6 {[%clk 0:15:08]} 4. Ba4
{[%clk 0:15:09]} Nf6 {[%clk 0:15:10]} 5. O-O {[%clk 0:15:10]} b5 {[%clk 0:15:11]}
6. Bb3 {[%clk 0:15:12]} Be7 {[%clk 0:15:13]} 7. Re1 {[%clk 0:15:13]} O-O
{[%clk 0:15:13]} 8. d4 {[%clk 0:15:10]} d6 {[%clk 0:15:15]} 9. c3
{[%clk 0:15:12]} Bg4 {[%clk 0:15:16]} 10. Be3 {[%clk 0:15:13]} Bh5
{[%clk 0:15:18]} 11. Nbd2 {[%clk 0:15:02]} Na5 {[%clk 0:15:01]} 12. Bc2
{[%clk 0:15:03]} Ng4 {[%clk 0:15:02]} 13. dxe5 {[%clk 0:14:23]} Nxe3
{[%clk 0:14:54]} 14. Rxe3 {[%clk 0:14:24]} dxe5 {[%clk 0:14:55]} 15. h3
{[%clk 0:14:13]} Bd6 {[%clk 0:14:10]} 16. g4 {[%clk 0:13:53]} Bg6
{[%clk 0:14:11]} 17. a4 {[%clk 0:13:41]} b4 {[%clk 0:13:26]} 18. Qe2
{[%clk 0:13:27]} Qe7 {[%clk 0:13:08]} 19. Nc4 {[%clk 0:13:16]} Nxc4
{[%clk 0:13:08]} 20. Qxc4 {[%clk 0:13:18]} bxc3 {[%clk 0:11:57]} 21. Rxc3
{[%clk 0:12:21]} a5 {[%clk 0:11:41]} 22. Rd1 {[%clk 0:11:01]} Rab8
{[%clk 0:11:41]} 23. Rb3 {[%clk 0:10:58]} Qf6 {[%clk 0:10:49]} 24. Kg2
{[%clk 0:10:39]} Rxb3 {[%clk 0:10:04]} 25. Qxb3 {[%clk 0:10:29]} Qf4
{[%clk 0:09:59]} 26. Re1 {[%clk 0:09:38]} h5 {[%clk 0:09:50]} 27. g5
{[%clk 0:09:15]} Kh7 {[%clk 0:06:32]} 28. Qe3 {[%clk 0:08:49]} Qxe3
{[%clk 0:05:57]} 29. Rxe3 {[%clk 0:08:50]} Rb8 {[%clk 0:05:58]} 30. b3
{[%clk 0:08:36]} f6 {[%clk 0:05:46]} 31. gxf6 {[%clk 0:07:52]} gxf6
{[%clk 0:05:47]} 32. Nh4 {[%clk 0:07:22]} Bf7 {[%clk 0:05:46]} 33. Nf5
{[%clk 0:07:19]} Rg8+ {[%clk 0:04:09]} 34. Kf1 {[%clk 0:07:20]} Bb4
{[%clk 0:04:06]} 35. Rf3 {[%clk 0:06:26]} Rd8 {[%clk 0:02:47]} 36. Rg3
{[%clk 0:04:42]} Rg8 {[%clk 0:02:16]} 37. Rf3 Rd8 {[%clk 0:02:15]} 38. Rg3
{[%clk 0:03:20]} Bg6 {[%clk 0:02:09]} 39. Nh4 {[%clk 0:03:14]} Be8
{[%clk 0:02:05]} 40. Bd3 {[%clk 0:02:53]} Bc6 {[%clk 0:01:53]} 41. Ke2
{[%clk 0:02:37]} Rg8 {[%clk 0:01:29]} 42. Rf3 {[%clk 0:02:23]} Be7
{[%clk 0:01:18]} 43. Nf5 {[%clk 0:02:15]} Bb4 {[%clk 0:01:12]} 44. Ng3
{[%clk 0:02:06]} h4 {[%clk 0:01:08]} 45. Nh5 {[%clk 0:01:36]} Rg1
{[%clk 0:01:09]} 46. Rxf6 {[%clk 0:01:28]} Be8 {[%clk 0:00:50]} 47. Rf5
{[%clk 0:01:17]} Re1+ {[%clk 0:00:16]} 48. Kf3 {[%clk 0:01:19]} Bxh5+
{[%clk 0:00:06]} 49. Rxh5+ Kg6 50. Rxe5 {[%clk 0:01:14]} Rh1 {[%clk 0:00:07]} 51.
Kg2 {[%clk 0:01:03]} Rd1 {[%clk 0:00:08]} 52. Bc4 {[%clk 0:01:02]} Rd2
{[%clk 0:00:10]} 53. Rf5 {[%clk 0:00:50]} Rd4 {[%clk 0:00:06]} 54. Bf7+
{[%clk 0:00:45]} Kg7 {[%clk 0:00:08]} 55. Bd5 {[%clk 0:00:47]} Kg6
{[%clk 0:00:08]} 56. Kf3 {[%clk 0:00:45]} Rd2 {[%clk 0:00:08]} 57. Kg4
{[%clk 0:00:45]} Be7 {[%clk 0:00:08]} 58. Bf7+ {[%clk 0:00:29]} Kg7
{[%clk 0:00:10]} 59. Bc4 {[%clk 0:00:30]} Kg6 {[%clk 0:00:07]} 60. Kf3
{[%clk 0:00:24]} Rb2 {[%clk 0:00:04]} 61. Rxa5 {[%clk 0:00:24]} Rb1
{[%clk 0:00:05]} 62. Ra6+ {[%clk 0:00:24]} Kg7 {[%clk 0:00:06]} 63. Re6
{[%clk 0:00:25]} Bd6 {[%clk 0:00:08]} 64. Kg4 {[%clk 0:00:26]} Rb2
{[%clk 0:00:10]} 65. Kf3 {[%clk 0:00:27]} Bc5 {[%clk 0:00:12]} 66. Kg4
{[%clk 0:00:23]} Rxf2 {[%clk 0:00:10]} 67. Kxh4 {[%clk 0:00:17]} Rg2
{[%clk 0:00:11]} 68. Kh5 {[%clk 0:00:20]} Be3 {[%clk 0:00:09]} 69. h4
{[%clk 0:00:21]} Bf2 {[%clk 0:00:10]} 70. Re7+ {[%clk 0:00:20]} Kf6
{[%clk 0:00:12]} 71. Rxc7 {[%clk 0:00:21]} Rh2 {[%clk 0:00:14]} 72. Kg4
{[%clk 0:00:15]} Rxh4+ 73. Kf3 Be1 {[%clk 0:00:15]} 74. Rc6+ {[%clk 0:00:14]} Ke5
{[%clk 0:00:16]} 75. Rc5+ {[%clk 0:00:15]} Kd4 {[%clk 0:00:16]} 76. Rd5+
{[%clk 0:00:16]} Kc3 {[%clk 0:00:19]} 77. a5 {[%clk 0:00:17]} Rh2
{[%clk 0:00:11]} 78. a6 {[%clk 0:00:16]} Ra2 {[%clk 0:00:11]} 79. Kf4
{[%clk 0:00:16]} Bf2 {[%clk 0:00:10]} 80. Kf5 {[%clk 0:00:17]} Bb6
{[%clk 0:00:09]} 81. e5 {[%clk 0:00:19]} Rf2+ {[%clk 0:00:10]} 82. Ke6
{[%clk 0:00:21]} Rf8 {[%clk 0:00:08]} 83. Ke7 {[%clk 0:00:21]} Rc8
{[%clk 0:00:08]} 84. e6 {[%clk 0:00:22]} 1-0

[Event "3e Open de Bastia"]
[Site "Bastia"]
[Date "2023.07.09"]
[Round "9.7"]
[White "Cappelletto, Joshuaede"]
[Black "Collutiis, Duilio"]
[Result "1-0"]
[BlackElo "2341"]
[WhiteElo "2286"]
[LiveChessVersion "1.4.6"]

1. e4 {[%clk 0:15:03]} c5 {[%clk 0:15:04]} 2. Nf3 {[%clk 0:15:04]} e6
{[%clk 0:15:04]} 3. Nc3 {[%clk 0:15:05]} Nc6 {[%clk 0:15:04]} 4. d4
{[%clk 0:15:06]} cxd4 {[%clk 0:15:06]} 5. Nxd4 {[%clk 0:15:08]} Qc7
{[%clk 0:15:06]} 6. Be3 {[%clk 0:15:09]} a6 {[%clk 0:15:07]} 7. Qf3
{[%clk 0:15:10]} Ne5 {[%clk 0:14:54]} 8. Qg3 {[%clk 0:15:12]} h5 {[%clk 0:14:56]}
9. O-O-O {[%clk 0:14:56]} h4 {[%clk 0:14:49]} 10. Qh3 {[%clk 0:14:56]} b5
{[%clk 0:14:32]} 11. f4 {[%clk 0:14:57]} Nc4 {[%clk 0:14:34]} 12. Bxc4
{[%clk 0:14:58]} Qxc4 {[%clk 0:14:35]} 13. Kb1 {[%clk 0:14:57]} Bb7
{[%clk 0:14:32]} 14. Rhe1 {[%clk 0:14:57]} Bb4 {[%clk 0:14:04]} 15. Bc1
{[%clk 0:13:20]} Bxc3 {[%clk 0:13:52]} 16. bxc3 {[%clk 0:13:21]} Nf6
{[%clk 0:13:50]} 17. e5 {[%clk 0:12:36]} Nd5 {[%clk 0:13:47]} 18. Bb2
{[%clk 0:12:34]} g6 {[%clk 0:13:32]} 19. Nb3 {[%clk 0:10:48]} Rc8
{[%clk 0:11:45]} 20. Na5 {[%clk 0:09:36]} Qc7 {[%clk 0:11:46]} 21. Nxb7
{[%clk 0:09:36]} Qxb7 {[%clk 0:11:47]} 22. Rd4 {[%clk 0:09:02]} Rc4
{[%clk 0:10:29]} 23. Ree4 {[%clk 0:06:47]} Rxd4 {[%clk 0:10:19]} 24. Rxd4
{[%clk 0:06:44]} Rh5 {[%clk 0:08:09]} 25. c4 {[%clk 0:05:19]} bxc4
{[%clk 0:07:50]} 26. Rxc4 {[%clk 0:05:21]} Kf8 {[%clk 0:05:34]} 27. Qb3
{[%clk 0:04:52]} Qa8 {[%clk 0:05:22]} 28. Rd4 {[%clk 0:03:12]} Rf5
{[%clk 0:03:21]} 29. Bc1 {[%clk 0:03:06]} Qa7 {[%clk 0:02:52]} 30. Rc4
{[%clk 0:02:05]} Qa8 {[%clk 0:02:08]} 31. Rd4 {[%clk 0:01:28]} Kg7
{[%clk 0:01:47]} 32. c4 {[%clk 0:01:26]} Qa7 {[%clk 0:01:49]} 33. Re4
{[%clk 0:01:00]} Ne7 {[%clk 0:01:34]} 34. Be3 {[%clk 0:00:37]} Qa8
{[%clk 0:01:24]} 35. Qc2 {[%clk 0:00:39]} Nc6 {[%clk 0:01:19]} 36. Bc5
{[%clk 0:00:40]} Qb7+ {[%clk 0:00:48]} 37. Qb3 {[%clk 0:00:31]} Qa8
{[%clk 0:00:33]} 38. Qb6 {[%clk 0:00:19]} Na5 {[%clk 0:00:13]} 39. Rd4
{[%clk 0:00:19]} Qb7 {[%clk 0:00:06]} 40. Qxb7 {[%clk 0:00:19]} Nxb7
{[%clk 0:00:08]} 41. Bb4 {[%clk 0:00:19]} a5 {[%clk 0:00:10]} 42. Ba3
{[%clk 0:00:19]} a4 {[%clk 0:00:08]} 43. Bb4 {[%clk 0:00:21]} Nd8
{[%clk 0:00:18]} 44. Rxd7 {[%clk 0:00:20]} Nc6 {[%clk 0:00:12]} 45. Bd2
{[%clk 0:00:22]} g5 {[%clk 0:00:13]} 46. g4 {[%clk 0:00:18]} hxg3
{[%clk 0:00:13]} 47. hxg3 {[%clk 0:00:20]} gxf4 {[%clk 0:00:15]} 48. gxf4
{[%clk 0:00:18]} Rh5 {[%clk 0:00:17]} 49. Rd6 {[%clk 0:00:16]} Ne7
{[%clk 0:00:17]} 50. Ra6 {[%clk 0:00:17]} Rh2 {[%clk 0:00:15]} 51. Kc1
{[%clk 0:00:17]} Nf5 {[%clk 0:00:15]} 52. Rxa4 Nd4 {[%clk 0:00:15]} 53. c5
{[%clk 0:00:13]} Ne2+ {[%clk 0:00:17]} 54. Kc2 {[%clk 0:00:11]} Kg6
{[%clk 0:00:18]} 55. Rc4 {[%clk 0:00:13]} Ng3 {[%clk 0:00:08]} 56. c6
{[%clk 0:00:11]} Rh8 {[%clk 0:00:09]} 57. c7 {[%clk 0:00:13]} Rc8
{[%clk 0:00:11]} 58. a4 {[%clk 0:00:12]} f5 {[%clk 0:00:11]} 59. Bb4
{[%clk 0:00:11]} Kf7 {[%clk 0:00:12]} 60. Bd6 {[%clk 0:00:13]} Ke8
{[%clk 0:00:14]} 61. a5 {[%clk 0:00:13]} Ne4 {[%clk 0:00:15]} 62. Rb4
{[%clk 0:00:11]} Kd7 {[%clk 0:00:16]} 63. Rb8 {[%clk 0:00:11]} 1-0

[Event "3e Open de Bastia"]
[Site "Bastia"]
[Date "2023.07.09"]
[Round "9.8"]
[White "Grant, David J"]
[Black "Krasenkowa, Elena"]
[Result "1-0"]
[BlackElo "2143"]
[WhiteElo "2093"]
[LiveChessVersion "1.4.6"]

1. e4 {[%clk 0:15:03]} Nf6 {[%clk 0:15:05]} 2. e5 {[%clk 0:14:48]} Nd5
{[%clk 0:15:06]} 3. b3 {[%clk 0:14:16]} e6 {[%clk 0:15:07]} 4. Bb2
{[%clk 0:14:09]} Be7 {[%clk 0:15:06]} 5. c4 {[%clk 0:14:04]} Nb6 {[%clk 0:15:07]}
6. a4 {[%clk 0:13:04]} a5 {[%clk 0:15:09]} 7. Qg4 {[%clk 0:13:03]} O-O
{[%clk 0:14:59]} 8. Nf3 {[%clk 0:12:55]} f5 {[%clk 0:14:40]} 9. exf6
{[%clk 0:12:54]} Bxf6 {[%clk 0:14:42]} 10. d4 {[%clk 0:12:50]} c5
{[%clk 0:14:34]} 11. Bd3 {[%clk 0:11:32]} Qe7 {[%clk 0:13:51]} 12. Nbd2
{[%clk 0:10:39]} d5 {[%clk 0:13:32]} 13. Ne5 {[%clk 0:09:44]} Bxe5
{[%clk 0:10:56]} 14. dxe5 {[%clk 0:09:40]} Nc6 {[%clk 0:10:53]} 15. Rd1
{[%clk 0:08:15]} d4 {[%clk 0:10:30]} 16. f4 {[%clk 0:08:12]} Bd7 {[%clk 0:09:57]}
17. O-O {[%clk 0:08:00]} Nb4 {[%clk 0:09:34]} 18. Bb1 {[%clk 0:07:48]} Bc6
{[%clk 0:08:37]} 19. Ne4 {[%clk 0:07:46]} Bxe4 {[%clk 0:08:38]} 20. Bxe4
{[%clk 0:07:49]} Rf7 {[%clk 0:07:41]} 21. Rf3 {[%clk 0:07:28]} Raf8
{[%clk 0:07:21]} 22. h4 {[%clk 0:06:23]} Nc6 {[%clk 0:07:09]} 23. h5
{[%clk 0:06:14]} Nd7 {[%clk 0:06:52]} 24. Rdf1 {[%clk 0:05:49]} Rd8
{[%clk 0:04:19]} 25. Rh3 {[%clk 0:05:05]} Nf8 {[%clk 0:04:12]} 26. Rff3
{[%clk 0:04:55]} h6 {[%clk 0:02:43]} 27. Bc1 {[%clk 0:04:26]} Rd7
{[%clk 0:02:11]} 28. Bd2 {[%clk 0:04:20]} Qd8 {[%clk 0:02:11]} 29. Qg3
{[%clk 0:03:12]} Qc7 {[%clk 0:02:02]} 30. Qf2 {[%clk 0:02:48]} Ne7
{[%clk 0:01:52]} 31. g4 {[%clk 0:02:49]} Nc6 {[%clk 0:01:35]} 32. Rhg3
{[%clk 0:02:49]} Ne7 {[%clk 0:00:52]} 33. Qe1 {[%clk 0:02:19]} b6
{[%clk 0:00:53]} 34. Bd3 {[%clk 0:02:19]} Qc6 {[%clk 0:00:50]} 35. f5
{[%clk 0:02:07]} Qc7 {[%clk 0:00:20]} 36. f6 {[%clk 0:01:18]} Nc6
{[%clk 0:00:20]} 37. g5 {[%clk 0:00:48]} Nxe5 {[%clk 0:00:09]} 38. g6
{[%clk 0:00:50]} Nxf3+ {[%clk 0:00:04]} 39. Rxf3 {[%clk 0:00:51]} Rxf6
{[%clk 0:00:00]} 40. Rxf6 {[%clk 0:00:51]} 1-0